Normal view
MARC view
- Hafeez Khan
Entry Personal Name
001 - CONTROL NUMBER
- control field: 48318
003 - CONTROL NUMBER IDENTIFIER
- control field: NUST
005 - DATE AND TIME OF LATEST TRANSACTION
- control field: 20210314134028.0
008 - FIXED-LENGTH DATA ELEMENTS
- fixed length control field: 210314|| aca||aabn | a|a d
040 ## - CATALOGING SOURCE
- Original cataloging agency: NUST
- Transcribing agency: NUST
100 ## - HEADING--PERSONAL NAME
- Personal name: Hafeez Khan
670 ## - SOURCE DATA FOUND
- Source citation: Work cat.: (NUST): Hafeez Khan., Effect of Fines on Permeability and Strength of Base Course. , 18 Jul 2014.
